"Fájdalomba csomagolt megkönnyebbülés" - Szakítást övező érzelmek, szakító felek és nemek tükrében

Elmentve itt :
Bibliográfiai részletek
Szerző: Varga Vivien
További közreműködők: Pintér Judit Nóra (Témavezető)
Dokumentumtípus: Szakdolgozat
Megjelent: 2017
Tárgyszavak:
Online Access:http://diploma.bibl.u-szeged.hu/69856
LEADER 00752nta a2200169 i 4500
001 dipl69856
005 20180702124835.0
008 180702s2017 hu om 0|| zxx d
040 |a SZTE Diploma Repozitórium  |b hun 
041 |a zxx 
100 1 |a Varga Vivien 
245 1 0 |a "Fájdalomba csomagolt megkönnyebbülés" - Szakítást övező érzelmek, szakító felek és nemek tükrében  |h [elektronikus dokumentum] /  |c Vivien Varga 
246 1 0 |a "Relief and pain" - Romantic breakups' emotions, initiator status and sex are compared  |h [elektronikus dokumentum] 
260 |c 2017 
650 4 |a Bölcsészettudományok 
700 1 |a Pintér Judit Nóra  |e ths 
856 4 0 |u http://diploma.bibl.u-szeged.hu/id/eprint/69856/1/2016_Varga_Vivien_MISXZL_SZ.pdf  |z Dokumentum-elérés